| 000 | 00536nam a2200145Ia 4500 | ||
|---|---|---|---|
| 008 | 140724s9999 xx 000 0 und d | ||
| 050 |
_aRJ 496 _b.C154 2014 |
||
| 100 | _aCalison, Kathleen Anne N. | ||
| 245 |
_aInfluence of motivation in the academic performance of children with autism in a mainstream setting / _cKathleen Anne N. Calison. |
||
| 260 |
_aLas PiƱas, Philippines : _bSouthville International School and Colleges, _cc2014. |
||
| 300 |
_a65 p. : _c28 cm. |
||
| 521 | _aSpecial Education | ||
| 942 | _cTH | ||
| 999 |
_c229139 _d229139 |
||